| 000 | 00718nam a22002057a 4500 | ||
|---|---|---|---|
| 005 | 20170630111517.0 | ||
| 010 | _aENG-119072 | ||
| 020 |
_a9789380570723 _c950 |
||
| 035 | _aEN-102604 | ||
| 037 | _bDBAD/PUB | ||
| 082 | _a371.330954 | ||
| 100 | _aPal, Rajendra | ||
| 245 |
_aEDUSAT: a dedicated satellite for education: _bcapacity building of teachers and educators / _cby Rajendra Pal [and] Pratima pallai |
||
| 260 |
_aDelhi _bGlobal Books Organisation _c2014 |
||
| 270 | _aSaraswati House, U-9, Subhash Park, Uttam Nagar, New Delhi-110059 | ||
| 300 |
_a206p _c22cm.(Hb) |
||
| 500 | _aIncludes index | ||
| 505 | _aBackground, researches and guidelines | ||
| 942 |
_2ddc _cEN _h371.330954 _mPAL |
||
| 999 |
_c142194 _d142194 |
||